Responses for Show #3898 - Wednesday, July 11, 2001

Contestants

[<< previous game]

Downey Meyer, a middle school science teacher from Lyme, New Hampshire

Melissa Abrahams, an interlibrary loan assistant from Sylmar, California

Michael Hall, a graduate student originally from Irwin, Pennsylvania (whose 1-day cash winnings total $12,600)

[next game >>]

Jeopardy! Round responses

AFRICANA
BIBLICAL CRIME BLOTTER
ARCHITECTS
SELLERS
THE DAY THE MUSIC DIED
(Alex: You have to name the musician)
"LAP" DANCE
    $100 11
Sahara

Melissa
    $100 1
Delilah

Michael
    $100 10
Boston

Downey
    $100 25
telemarketing

Michael
    $100 6
Elvis Presley

Melissa
    $100 20
lapel

Downey
    $200 12
L-E-S-O-T-H-O

Downey
    $200 2
the snake (or serpent)

Michael
    $200 16
Frank Lloyd Wright

Downey
    $200 26
Wholesale

Melissa
    $200 7
John Lennon

Melissa
    $200 21
Lapland

Melissa
    $300 13
South Africa

Downey
    $300 3
Pharaoh

Michael
    $300 17
the Statue of Liberty

Downey
    $300 27
bookmarks

Downey
    $300 8
Jimi Hendrix

Triple Stumper
    $300 22
time-lapse photography

Melissa
    $400 14
the Masai

Downey
    $400 4
Jezebel

Michael
    $1,000 18
F.W. Woolworth (the Woolworth Building)

Downey
    $400 28
Vlasic Foods

Michael
    $400 9
Jim Morrison

Michael
    $400 23
Lollapalooza

Melissa
    $500 15
the Mahdi

Triple Stumper
    $500 5
Absalom

Triple Stumper
    $500 19
Nuremberg

Michael
    $500 29
Braun

Triple Stumper
    $500 30
(Downey: Who is Frank Sinatra?)
(Michael: Who is Kurt Cobain?)

Jerry Garcia

MichaelDowney
Triple Stumper
    $500 24
a lapidary

Michael

Scores at the first commercial break (after clue 15):

Michael Melissa Downey
$1,400 $400 $1,000

Scores at the end of the Jeopardy! Round:

Michael Melissa Downey
$2,400 $1,500 $2,400

Double Jeopardy! Round responses

THE KOREAN WAR
TUBE TEST
HOLD THE MAYO CLINIC
TRAIN STATIONS
MEDIEVAL MUSIC
BEFORE & AFTER
    $200 6
the Marines

Downey
    $200 11
The Fugitive

Downey
    $200 26
(Melissa: What is New York?)

Minnesota

MelissaDowney
    $200 21
(Downey: What is Grand Central Station?)

Penn Station

Downey
Triple Stumper
    $200 16
organ

Michael
    $200 1
Stevie Wonder Woman

Melissa
    $400 7
Harry S. Truman

Michael
    $400 12
The Jeffersons

Downey
    $400 30
the thyroid gland

Michael
    $400 22
Lenin

Michael
    $400 17
Germany

Michael
    $400 2
The Addams Family Feud

Melissa
    $600 8
Jeep

Michael
    $600 13
Eddie Murphy

Michael
    $600 29
(Downey: What is estrogen?)
(Melissa: What is pregnazone?)

cortisone

MelissaDowney
Triple Stumper
    $600 23
Berlin

Michael
    $600 18
the staff

Michael
    $600 3
Linda Blair Witch Project

Melissa
    $800 9
a ridge

Downey
    $800 14
Love, American Style

Melissa
    $800 28
heart & lung

Downey
    $800 24
Waterloo Station

Michael
    $2,000 19
Gregorian Chant (named for Pope Gregory I)

Michael
    $800 4
(Melissa: What is Little Women are from... uh... Little Men [time] are from Mars, Women are from Venus?)
(Alex: Too much time.)
(Downey: What is Little Women are from Venus, Men are from Mars?)

Little Men are from Mars, Women are from Venus

MelissaDowney
Triple Stumper
    $1000 10
"Burp Gun"

Downey
    $1000 15
Joseph Wambaugh

Downey
    $1000 27
a CT scanner

Downey
    $1000 25
(Alex: Less than a minute now.)

Wausau

Michael
    $1000 20
summer

Triple Stumper
    $1000 5
A Clockwork Orange Roughy

Downey

Scores at the end of the Double Jeopardy! Round:

Michael Melissa Downey
$10,400 $1,900 $7,400

[wagering suggestions for these scores]

Final Jeopardy! Round responses

CONTEMPORARY BRITISH AUTHORS
(Alex: Famous May sporting event - the Kentucky Derby, and [*] included horse racing in many of his novels.)
MelissaWho is Cabrera?
$1,650
DowneyWho was Graham Greene?
$7,399
MichaelWho is [Jack Higgins] Dick?
$4,500
Dick Francis

Final scores:

Michael Melissa Downey
$5,900 $250 $1
2-day champion: $18,500 2nd place: a trip to Doubletree Guest Suites (Maingate), Orlando 3rd place: a pair of bicycles from ebikes.com

Game dynamics:

Coryat scores:

Michael Melissa Downey
$9,200 $1,900 $6,800
21 R
(including 2 DDs),
1 W
11 R,
3 W
19 R
(including 1 DD),
4 W

Combined Coryat: $17,900

[game clues] [game scores] [suggest correction]

Game tape date: 2001-03-21
The J! Archive is created by fans, for fans. Scraping, republication, monetization, and malicious use prohibited; this site may use cookies and collect identifying information. See terms. The Jeopardy! game show and all elements thereof, including but not limited to copyright and trademark thereto, are the property of Jeopardy Productions, Inc. and are protected under law. This website is not affiliated with, sponsored by, or operated by Jeopardy Productions, Inc. Join the discussion at JBoard.tv.